Spoločensky zodpovedné podnikanie v období globalizácie

Spoločensky zodpovedné podnikanie - pojmy, základné princípy. Základné organizácie, ktoré sa aktívne zaoberajú problematikou spoločensko zodpovedného podnikania na Slovensku. História a súčasnosť tohto problému. Nástroje spoločensky zodpovedného podnikania.

Guardado en:
Detalles Bibliográficos
Autor principal: Bačová, Monika
Formato: Capítulo de libro
Lenguaje:eslovaco
Materias:
Etiquetas: Agregar Etiqueta
Sin Etiquetas, Sea el primero en etiquetar este registro!

MARC

LEADER 00000nla$a2200000$$$4500
001 0105450
005 20240502072151.0
041 0 |a slo 
044 |a SK 
245 1 0 |a Spoločensky zodpovedné podnikanie v období globalizácie  |c Monika Bačová 
520 |a Spoločensky zodpovedné podnikanie - pojmy, základné princípy. Základné organizácie, ktoré sa aktívne zaoberajú problematikou spoločensko zodpovedného podnikania na Slovensku. História a súčasnosť tohto problému. Nástroje spoločensky zodpovedného podnikania. 
610 2 0 |a podnikanie 
610 2 0 |a zodpovednosť spoločenská 
610 2 0 |a história 
610 2 0 |a Slovensko 
100 1 |a Bačová, Monika